| 000 | 00530nam a2200169 a 4500 | ||
|---|---|---|---|
| 005 | 20140412111304.0 | ||
| 008 | 001121s19uu xx 00 eng d | ||
| 050 |
_aFil 959.9 _bJOA |
||
| 100 | _aJoaquin, Nick | ||
| 245 |
_aThe seven golden cities of the sun / _cNick Joaquin. |
||
| 260 |
_aParanque, MM : _bPhilippine Appliance Copr, _c1981. |
||
| 300 | _a97 p. ; ill. | ||
| 440 | _aPhilacor Young Peoples Library | ||
| 650 | _aCities and towns -- History -- Philippines | ||
| 650 | _aPhilippines -- History | ||
| 999 |
_c103577 _d103577 |
||